Determinación del impuesto a las ganancia mínimo presunta (Registro nro. 15234)

Detalles MARC
000 -LEADER
fixed length control field 00336 a2200109 4500
001 - CONTROL NUMBER
control field ART_18430
005 - DATE AND TIME OF LATEST TRANSACTION
control field 20260410161702.0
008 - FIXED-LENGTH DATA ELEMENTS--GENERAL INFORMATION
fixed length control field 260409a
100 1# - MAIN ENTRY--PERSONAL NAME
Personal name Nuñez, Eduardo José
245 10 - TITLE STATEMENT
Title Determinación del impuesto a las ganancia mínimo presunta
773 0# - HOST ITEM ENTRY
Title Revista Impuestos
Related parts - Nº 1 (ene. 2013)
Record control number REV639

No hay ítems disponibles.